South American Geography by Letter - D - Statistics

General Stats
  • This quiz has been taken 106 times
    83 since last reset
  • The average score is 7 of 15
Answer Stats
Clue Answer % Correct
Official language of Suriname Dutch
97%
Name of the official currency in Ecuador, Guyana and Suriname Dollar
77%
Heavily forested area between Panama and Colombia with no road access {Darién} Gap
75%
Flightless bird named for a British scientist {Darwin}'s Rhea
66%
"Chapada Diamantina" in Bahia means this in English {Diamond} Plateau
66%
Rough ocean passage between Cape Horn and Antarctica {Drake} Passage
66%
Brazilian subdivision with the nation's capital Federal {District}
65%
Animals that help fishermen catch fish in Laguna, Santa Catarina Dolphins
49%
Nickname for the Yungas Road in Bolivia {Death} Road
48%
First-level subdivisions of Bolivia, Colombia, Paraguay and Uruguay Departments
24%
Second largest suburb of Rio de Janeiro {Duque} de Caxias
15%
Easternmost state of Venezuela, where the Orinoco River ends {Delta} Amacuro
13%
"Divine" city located west of Belo Horizonte Divinópolis
6%
Second largest city in Mato Grosso do Sul, Brazil Dourados
6%
River that drains in Espírito Santo, Brazil {Doce} River
4%
No matching quizzes found
Score Distribution
Percent of People with Each Score
Percentile by Number Answered
Your Score History
You have not taken this quiz since the last reset